Encyclopedia of library and information science
Đã lưu trong:
| Format: | Bog |
|---|---|
| Sprog: | Undetermined |
| Udgivet: |
New York, NY
Marcel Dekker
2003
|
| Fag: | |
| Tags: |
Tilføj Tag
Ingen Tags, Vær først til at tagge denne postø!
|
| Thư viện lưu trữ: | Trung tâm Học liệu Trường Đại học Cần Thơ |
|---|
| LEADER | 00536nam a2200181Ia 4500 | ||
|---|---|---|---|
| 001 | CTU_102977 | ||
| 008 | 210402s9999 xx 000 0 und d | ||
| 082 | |a 020.3 | ||
| 082 | |b E56/Vol.2 | ||
| 245 | 0 | |a Encyclopedia of library and information science | |
| 245 | 0 | |c Edited by Miriam A. Drake | |
| 260 | |a New York, NY | ||
| 260 | |b Marcel Dekker | ||
| 260 | |c 2003 | ||
| 650 | |a Information science,Library science | ||
| 650 | |x Encyclopedias,Encyclopedias | ||
| 904 | |i Minh | ||
| 980 | |a Trung tâm Học liệu Trường Đại học Cần Thơ | ||